[Event "Lidkoping op"]
[Site "Lidkoping"]
[Date "2019.08.24"]
[Round "1"]
[White "Mardell, Jonas"]
[Black "Winsnes, Gabriel"]
[Result "1-0"]
[WhiteElo "2059"]
[BlackElo "1827"]
[PlyCount "107"]
[EventDate "2019.08.24"]
[EventType "swiss"]
[EventRounds "7"]
[EventCountry "SWE"]
[SourceTitle "EXT 2020"]
[Source "ChessBase"]
[SourceDate "2019.10.17"]
[SourceVersion "1"]
[SourceVersionDate "2019.10.17"]
[SourceQuality "1"]

1. e4 e6 2. d4 d5 3. exd5 exd5 4. Bd3 Bd6 5. Qf3 c6 6. Ne2 Nf6 7. h3 h6 8. Bf4 Bxf4 9. Qxf4 Qe7 10. Nd2 b5 11. 0-0-0 0-0 12. g4 Ne8 13. Ng3 Qd6 14. Qe3 Na6 15. Bf5 c5 16. Bxc8 cxd4 17. Qxd4 Rxc8 18. Kb1 Qc5 19. Qxc5 Nxc5 20. Nf5 Kh7 21. Rhe1 g6 22. Ne7 Rd8 23. Nc6 Rd7 24. Nf3 Nf6 25. Nfe5 Rc7 26. f3 Rfc8 27. Nb4 Na4 28. c3 Rd8 29. Rd4 a5 30. Nbc6 Ra8 31. Rf4 Kg7 32. h4 g5 33. hxg5 hxg5 34. Rf5 Nh7 35. Nd4 Re8 36. Rh1 f6 37. Nec6 b4 38. Rxd5 bxc3 39. b3 Nb2 40. Nf5+ Kg8 41. Ncd4 a4 42. Kc2 axb3+ 43. axb3 Re5 44. Rd8+ Nf8 45. Rxf8+ Kxf8 46. Rh8+ Kf7 47. Rh7+ Ke8 48. Rxc7 Re1 49. Rxc3 Nd1 50. Rc7 Nf2 51. Kd2 Ra1 52. Re7+ Kd8 53. Nc6+ Kc8 54. Nd6# 1-0

[Event "Gothenburg op"]
[Site "Gothenburg"]
[Date "2016.08.19"]
[Round "3"]
[White "Kazakouski, Valery"]
[Black "Winsnes, Gabriel"]
[Result "1-0"]
[WhiteElo "2342"]
[BlackElo "1698"]
[PlyCount "75"]
[EventDate "2016.08.19"]
[EventType "swiss"]
[EventRounds "8"]
[EventCountry "SWE"]
[SourceTitle "CBM 174 Extra"]
[Source "ChessBase"]
[SourceDate "2016.10.10"]
[SourceVersion "1"]
[SourceVersionDate "2016.10.10"]
[SourceQuality "1"]

1. Nf3 Nf6 2. d4 g6 3. c4 Bg7 4. Nc3 d5 5. cxd5 Nxd5 6. e4 Nxc3 7. bxc3 c5 8. Be3 Nc6 9. Rb1 Qa5 10. Qd2 cxd4 11. cxd4 Qxd2+ 12. Kxd2 0-0 13. d5 Ne5 14. Nxe5 Bxe5 15. f4 Bg7 16. Bc5 a6 17. Bxe7 Re8 18. d6 Bf8 19. Bxf8 Kxf8 20. Bd3 b5 21. Rbc1 Re6 22. e5 f6 23. Be4 Rb8 24. Bd5 Re8 25. Rc7 Be6 26. d7 Bxd7 27. Rxd7 Rbd8 28. e6 Rxd7 29. exd7 Rd8 30. Be6 Ke7 31. f5 gxf5 32. Bxf5 h5 33. Re1+ Kf8 34. Kd3 Kf7 35. Re8 Rxe8 36. Bg6+ Kxg6 37. dxe8Q+ Kg5 38. Ke4 1-0